Central Library OPAC University of Rajshahi

Cancer ward / (Record no. 26293)

MARC details
000 -LEADER
fixed length control field 00915nam a2200277 4500
001 - CONTROL NUMBER
control field 26293
003 - CONTROL NUMBER IDENTIFIER
rucl marc code BD-RjUL
005 - DATE AND TIME OF LATEST TRANSACTION
control field 20211209051008.0
008 - FIXED-LENGTH DATA ELEMENTS--GENERAL INFORMATION
fixed length control field 140322s1968 enk 000 1 eng
020 ## - INTERNATIONAL STANDARD BOOK NUMBER
International Standard Book Number 0370006569 (v. 1)
035 ## - SYSTEM CONTROL NUMBER
System control number (BD-RjUL)26363
040 ## - CATALOGING SOURCE
Original cataloging agency DLC
Transcribing agency DLC
Modifying agency DLC
-- OCoLC
-- DLC
-- BD-RjUL
Language of cataloging eng
041 1# - LANGUAGE CODE
Language code of text/sound track or separate title eng
Language code of original rus
082 00 - DEWEY DECIMAL CLASSIFICATION NUMBER
Classification number 891.7344
Author mark and year SOC 1968
100 1# - MAIN ENTRY--PERSONAL NAME
Personal name Solzhenit︠s︡yn, Aleksandr,
Dates associated with a name 1918-2008.
9 (RLIN) 80843
245 10 - TITLE STATEMENT
Title Cancer ward /
Statement of responsibility, etc. by Alexander Solzhenitsyn; Translated [from the Russian] by Nicholas Bethell and David Burg.
Number of part/section of a work Part 1
260 ## - PUBLICATION, DISTRIBUTION, ETC. (IMPRINT)
Place of publication, distribution, etc. London :
Name of publisher, distributor, etc. Bodley Head,
Date of publication, distribution, etc. 1968.
300 ## - PHYSICAL DESCRIPTION
Pagination 338 P. ;
Size 21 cm.
650 #0 - SUBJECT ADDED ENTRY--TOPICAL TERM
Topical term or geographic name as entry element Cancer
General subdivision Patients
Form subdivision Fiction.
9 (RLIN) 80844
651 #0 - SUBJECT ADDED ENTRY--GEOGRAPHIC NAME
Geographic name Soviet Union
Form subdivision Fiction.
9 (RLIN) 80845
942 ## - ADDED ENTRY ELEMENTS (KOHA)
Source of classification or shelving scheme Dewey Decimal Classification
Koha item type Books
Holdings
Lost status Source of classification or shelving scheme Damaged status Not for loan Collection code Permanent Location Current Location Shelving location Date acquired Source of acquisition Total Checkouts Full call number Date last seen Copy number Koha item type
  Dewey Decimal Classification   Added to bundle Non-fiction Central Library, University of Rajshahi Central Library, University of Rajshahi Reading Room 29/09/1969 Asia Fundation   891.7344 SOC P-1 1968 22/03/2014 C-1 Books